| Tag |
First Indicator |
Second Indicator |
Subfields |
| LEADER |
00000cam a2200000Ia 4500 |
| 001 |
in00001663147 |
| 005 |
20151023125454.0 |
| 008 |
891024s1948 yu 000 1 sccod |
| 035 |
|
|
|a (OCoLC)ocm20539588
|
| 040 |
|
|
|a SSG
|c SSG
|d TXA
|d UtOrBLW
|
| 049 |
|
|
|a TXAM
|
| 090 |
|
|
|a PG1419.1.N39
|b N68 1948
|
| 100 |
1 |
|
|a Andrić, Ivo,
|d 1892-1975.
|
| 240 |
1 |
0 |
|a Short stories
|
| 245 |
1 |
0 |
|a Nove pripovetke /
|c Ivo Andrić.
|
| 264 |
|
1 |
|a Beograd :
|b Kultura,
|c 1948.
|
| 300 |
|
|
|a 246 pages ;
|c 21 cm.
|
| 336 |
|
|
|a text
|b txt
|2 rdacontent
|
| 337 |
|
|
|a unmediated
|b n
|2 rdamedia
|
| 338 |
|
|
|a volume
|b nc
|2 rdacarrier
|
| 490 |
1 |
|
|a Savremena književnost južnih slovena ;
|v 8
|
| 500 |
|
|
|a In Serbo-Croatian (Cyrillic).
|
| 830 |
|
0 |
|a Savremena književnost južnih slovena ;
|v 8.
|
| 994 |
|
|
|a E0
|b TXA
|
| 948 |
|
|
|a cataloged
|b h
|c 2002/2/20
|d c
|e tchubaryan
|f 1:33:21 pm
|
| 949 |
|
|
|a updated
|b h
|c 2002/2/20
|e tchubaryan
|f 1:33:26 pm
|
| 999 |
|
|
|a MARS
|
| 999 |
f |
f |
|s fac82e7a-b22e-38c1-9f3b-75c20ee40b8a
|i 61aa2506-2a0f-37ad-b3cd-9cf01717be47
|t 0
|
| 952 |
f |
f |
|p ric
|a Texas A&M University
|b Rellis Campus
|c Joint Library Facility
|d Remote Storage
|t 0
|e PG1419.1.N39 N68 1948
|h Library of Congress classification
|i unmediated -- volume
|m A14828372541
|
| 998 |
f |
f |
|a PG1419.1.N39 N68 1948
|t 0
|l Remote Storage
|